000 00993cam a22003137a 4500
003 CHAP
005 20220329140849.0
008 971013s1988 r 00010 d
010 _a58875
011 _a59847
035 _a64007
040 _cCHAP
082 _a599.016
_bK5
100 0 0 _aKnobil, Ernst
_eed.
_963537
245 1 4 _aThe physiology of reproduction
260 _aNew York :
_bRaven Press,
_c1988
300 _a2 v.
590 _aBATCH-UPD
_b10
_c20130110
_lUCH01
_h0442
590 _aBATCH-UPD
_b10
_c20130110
_lUCH01
_h2315
590 _aBATCH-UPD
_b10
_c20130410
_lUCH01
_h1605
590 _aBATCH-UPD
_b10
_c20130914
_lUCH01
_h1709
590 _aCONVERSION
_b10
_c20130109
_lUCH01
_h1332
650 1 4 _aMamíferos
_xReproducción.
_970254
700 0 _aNeill, Jimmy D.
_eed.
_980745
901 _aBK
942 _cLIBRO
949 _a599.016 K5
_bBC
_cLIBRO
_d33724000364949
_eLIBRO
_fv.1
_h82141
_i64007
_si
949 _a599.016 K5
_bBC
_cLIBRO
_d33724000364956
_eLIBRO
_fv.2
_h82142
_i64007
_si
999 _c58875
_d58875